Central Library OPAC University of Rajshahi

Stochastic processes in demography and applications / (Record no. 54277)

MARC details
000 -LEADER
fixed length control field 00750nam a2200253 a 4500
001 - CONTROL NUMBER
control field 54277
003 - CONTROL NUMBER IDENTIFIER
rucl marc code BD-RjUL
005 - DATE AND TIME OF LATEST TRANSACTION
control field 20211209080110.0
008 - FIXED-LENGTH DATA ELEMENTS--GENERAL INFORMATION
fixed length control field 161105s1988 i ||||| |||| 00| 0 eng d
020 ## - INTERNATIONAL STANDARD BOOK NUMBER
International Standard Book Number 0470210468
International Standard Book Number 8122400612
035 ## - SYSTEM CONTROL NUMBER
System control number (BD-RjUL)54399
040 ## - CATALOGING SOURCE
Original cataloging agency BD-RjUL
Language of cataloging eng
Transcribing agency BD-RjUL
041 ## - LANGUAGE CODE
Language code of text/sound track or separate title eng
082 ## - DEWEY DECIMAL CLASSIFICATION NUMBER
Edition number 23
Classification number 519.23
Author mark and year BIS 1988
100 1# - MAIN ENTRY--PERSONAL NAME
Personal name Biswas, Suddhendu
9 (RLIN) 145955
245 10 - TITLE STATEMENT
Title Stochastic processes in demography and applications /
Statement of responsibility, etc. Suddhendu Biswas, Edited by Vijay Kumar Sehgal
260 ## - PUBLICATION, DISTRIBUTION, ETC. (IMPRINT)
Place of publication, distribution, etc. New York :
Name of publisher, distributor, etc. John Wiley Sons,
Date of publication, distribution, etc. 1988.
300 ## - PHYSICAL DESCRIPTION
Pagination xvi, 354 p. ;
Illustrations 23 cm
500 ## - GENERAL NOTE
General note Includes Index
650 ## - SUBJECT ADDED ENTRY--TOPICAL TERM
Topical term or geographic name as entry element Stochastic processes
9 (RLIN) 117665
700 ## - ADDED ENTRY--PERSONAL NAME
Personal name Sehgal, Vijay Kumar
942 ## - ADDED ENTRY ELEMENTS (KOHA)
Source of classification or shelving scheme Dewey Decimal Classification
Koha item type Books
Holdings
Lost status Source of classification or shelving scheme Damaged status Not for loan Collection code Permanent Location Current Location Shelving location Date acquired Source of acquisition Cost, normal purchase price Total Checkouts Full call number Date last seen Copy number Koha item type
  Dewey Decimal Classification     Non-fiction Central Library, University of Rajshahi Central Library, University of Rajshahi   14/01/1990 Abacus London. 18.40   519.23 BIS 1988 05/11/2016 C-2 Books